| 000 | 00455nam a2200157Ia 4500 | ||
|---|---|---|---|
| 008 | 240729s9999 xx 000 0 und d | ||
| 022 | _a2535-1958 | ||
| 245 | 0 | _aAl-Azhar Journal of Pharmaceutical Sciences | |
| 260 | _aEgypt | ||
| 260 | _bAl-Azhar University, Faculty of Pharmacy | ||
| 650 | _a Therapeutics. Pharmacology | ||
| 650 | _aMedicine | ||
| 856 | _uhttps://doaj.org/toc/b33ba817bf8d42fd9635e57a664160ce | ||
| 942 | _2ddc | ||
| 942 | _cDOAJEJ | ||
| 999 |
_c72956 _d72956 |
||
| 945 |
_a1 _bMadushi Gamage _c1 _dMadushi Gamage |
||